Caravelle (1963-1965)

محفوظ في:

التنسيق: دورية

اللغة: Undetermined

منشور في: JSTOR
Presses Universitaires du Midi

الموضوعات:

الوصول للمادة أونلاين: Login to view Source

الوسوم: إضافة وسم

لا توجد وسوم, كن أول من يضع وسما على هذه التسجيلة!

رقم الطلب:

LEADER 00485nas a2200157Ia 4500
008 220214c99999999xx |||||||||||| ||und||
022 |a 0184-7694 
245 0 0 |a Caravelle (1963-1965) 
264 1 |b JSTOR 
264 1 |b Presses Universitaires du Midi 
362 0 |a (1963)-(1965) 
653 1 0 |a Latin American Studies 
856 4 0 |u https://www.jstor.org/journal/caravelle1963 
942 |c JL 
952 |0 0  |1 0  |4 0  |7 1  |9 34479  |a JSR  |b JSR  |d 2022-02-14  |l 0  |r 2022-02-14 00:00:00  |w 2022-02-14  |y JL 
999 |c 42812  |d 42812